Best 50 NFL Players of all time - Statistics

General Stats
  • This quiz has been taken 68 times
  • The average score is 15 of 50
Answer Stats
Hint Answer % Correct
Qb Tom Brady
98%
Qb Eli Manning
87%
Qb Peyton Manning
87%
Qb Joe Montana
74%
Cb Deion Sanders
65%
Wr Jerry Rice
65%
Rb Barry Sanders
63%
Wr Randy Moss
59%
Rb Emmitt Smith
57%
Qb Dan Marino
54%
Qb Drew Brees
54%
Qb John Elway
50%
Rb Walter Payton
46%
Lb Ray Lewis
44%
C Jason Kelce
41%
Qb Steve Young
41%
Te Tony Gonzalez
39%
Te Travis Kelce
39%
Te Rob Gronkowski
37%
Wr Calvin Johnson
35%
Lb Lawrence Taylor
35%
Rb Jim Brown
33%
De J.J Watt
28%
Wr Julio Jones
26%
Wr Julio Jones
26%
De Reggie White
20%
Qb Warren Moon
20%
Qb Jim Kelly
19%
K JustinTucker
19%
Wr Larry Fitzgerald
19%
Cb Ronnie Lott
19%
Dt Aaron Donald
15%
Wr Marvin Harrison
11%
Rb O.J Simpson
9%
Fs/Ss Troy Polamalu
9%
Lb Brian Urlacher
7%
Qb Carson Palmer
7%
Lb Dick Butkus
7%
De Michael Strahan
7%
Rb Tony Dorsett
4%
Dt Warren Sapp
4%
Wr Mike Evans
2%
P Pat Mcafee
2%
Wr Terrel owens
2%
Qb Aaron Rogers
0%
Qb Ben Rothlisberger
0%
Qb Brett Farve
0%
Dt Buck Buchannan
0%
Fs/Ss Budda Baker
0%
Fs/Ss Eric Berry
0%
No matching quizzes found
Score Distribution
Percent of People with Each Score
Percentile by Number Answered
Your Score History
You have not taken this quiz